000 00567nam a2200193Ia 4500
003 GCL
008 140319s9999 xx 000 0 ara d
020 _aX195172977
040 _aGCL /
_cGCL
082 0 4 _a810.9
_bع ص
100 1 _aعبدالرحمن الشرقاوى
245 1 0 _aالصديق اول الخلفاء /
_cعبدالرحمن الشرقاوى
260 _aالقاهرة :
_bمكتبة غريب ،
_c1987
300 _a255 ص ؛
_c24 سم
490 _a
650 0 4 _aالاسلام
650 0 4 _aابو بكر الصديق
942 _2ddc
_cBK
999 _c41050
_d41050